01014nam a2200241 4500003001100000005001700011008004100028020001800069040003900087041000800126082001600134100002000150245014800170260008200318300002400400490005500424650003100479650003500510856011400545942000700659952009100666999001500757LK-CoMWRAF20231203113032.0231203b2004 |||||||| |||| 00| 0 eng d a9789834240011 aLK-CoMWRAFdLK-CoMWRAFeLK-CoMWRAF aeng a305.42bFAR aFaricas, Esther a Equality in international human rights treaties : ban optional protocol to the international covenant on economic, social and cultural rights aKuala Lumpur:bInternational Women's Rights Action Watch Asia Pacific, c2004 a ii, 19 p. ; 22 cm. a IWRAW Asia Pacific occasional papers seriesvNo.2 aWomen- Social conditions  aWomen's rights -Southeast Asia uhttps://www.iwraw-ap.org/wp-content/uploads/2019/08/OPS_2-EQUALITY-IN-INTERNATIONAL-HR-Treaties-OP-ICESCR.pdf cBK 00104070aMAINbMAINd2023-12-03l0o305.42 FARpRAF3293r2023-12-03w2023-12-03yBK c4281d4281